Tengoku to jigoku (Record no. 67628)
[ view plain ]
| 000 -LEADER | |
|---|---|
| campo de control de longitud fija | 02448cgm a2200601Ma 4500 |
| 001 - NÚMERO DE CONTROL | |
| campo de control | 84159 |
| 005 - FECHA Y HORA DE LA ÚLTIMA TRANSACCIÓN | |
| campo de control | 20230410123857.0 |
| 007 - CAMPO FIJO DE DESCRIPCIÓN FÍSICA--INFORMACIÓN GENERAL | |
| campo de control de longitud fija | vd bvaizm |
| 008 - DATOS DE LONGITUD FIJA--INFORMACIÓN GENERAL | |
| campo de control de longitud fija | 070122p19981963nyu143 vljpn d |
| 035 ## - NÚMERO DE CONTROL DEL SISTEMA | |
| Número de control de sistema | (OCoLC)ocm85523931 |
| 040 ## - FUENTE DE CATALOGACIÓN | |
| Centro catalogador/agencia de origen | HLS |
| Centro/agencia transcriptor | HLS |
| Centro/agencia modificador | BTCTA |
| -- | OCLCQ |
| -- | OCLCG |
| -- | OCLCQ |
| 066 ## - JUEGOS/CONJUNTO DE CARACTERES UTILIZADOS/PRESENTES | |
| Juego/conjunto de caracteres alternativo G0 o G1 | $1 |
| 020 ## - NÚMERO INTERNACIONAL ESTÁNDAR DEL LIBRO | |
| Número Internacional Estándar del Libro | 0780021509 |
| 020 ## - NÚMERO INTERNACIONAL ESTÁNDAR DEL LIBRO | |
| Número Internacional Estándar del Libro | 9780780021501 |
| 028 40 - NÚMERO DE EDITOR O DISTRIBUIDOR | |
| Número de editor o de distribuidor | HIG050 |
| Fuente | Criterion Collection |
| 029 1# - OTRO NÚMERO DE CONTROL DE SISTEMA (OCLC) | |
| Identificador de la biblioteca OCLC | AU@ |
| Número de control de sistema | 000015876138 |
| 035 ## - NÚMERO DE CONTROL DEL SISTEMA | |
| Número de control de sistema | (OCoLC)85523931 |
| 041 1# - CÓDIGO DE IDIOMA | |
| Código de lengua del texto/banda sonora o título independiente | jpn |
| Código de lengua del sumario o resumen | eng |
| 043 ## - CÓDIGO DE ÁREA GEOGRÁFICA | |
| Código de área geográfica | a-ja--- |
| 050 14 - SIGNATURA TOPOGRÁFICA DE LA BIBLIOTECA DEL CONGRESO | |
| Número de clasificación | CM DVD 01219 |
| 049 ## - FONDOS LOCALES (OCLC) | |
| Biblioteca depositaria | GRAL |
| 245 00 - MENCIÓN DEL TÍTULO | |
| Título | Tengoku to jigoku |
| Medio | [videorecording] / |
| Mención de responsabilidad, etc. | Tōhō Kabushiki Kaisha ; Kurosawa Purodakushon ; seisaku Tanaka Tomoyuki, Kikushima Ryūzō ; kyakuhon Oguni Hideo ... [et al.] ; kantoku Kurosawa Akira. |
| 246 1# - FORMA VARIANTE DEL TITULO | |
| Texto de visualización | Title on menu screen, disc label and container: |
| Título propio/Titulo breve | High and low |
| 260 ## - PUBLICACIÓN, DISTRIBUCIÓN, ETC. | |
| Lugar de publicación, distribución, etc. | [New York] : |
| Nombre del editor, distribuidor, etc. | Criterion Collection, |
| Fecha de publicación, distribución, etc. | c1998. |
| 300 ## - DESCRIPCIÓN FÍSICA | |
| Extensión | 1 videodisc (143 min.) : |
| Otras características físicas | sd., b&w ; |
| Dimensiones | 4 3/4 in. |
| 490 1# - MENCIÓN DE SERIE | |
| Mención de serie | Criterion collection ; |
| Designación de volumen o secuencia | 24 |
| 546 ## - NOTA DE IDIOMA | |
| Nota de lengua/lenguaje | Japanese dialogue with optional English subtitles. |
| 511 1# - NOTA DE PARTICIPANTES O INTÉRPRETES | |
| Nota de participantes o intérpretes | Toshiro Mifune, Tatsuya Nakadai, Kyoko Kagawa, Tatsuya Mihashi. |
| 508 ## - NOTA DE CRÉDITOS DE CREACIÓN O PRODUCCIÓN | |
| Nota de créditos de creación o producción | Photography, Asaichi Nakai, Takao Saito; music, Masaru Sato; subtitles, Captions Inc. |
| 500 ## - NOTA GENERAL | |
| Nota general | Based on the novel King's ransom, by Ed McBain. |
| 500 ## - NOTA GENERAL | |
| Nota general | Originally produced as a motion picture in 1963. |
| 538 ## - NOTA DE DETALLES DEL SISTEMA | |
| Nota de detalles del sistema | DVD; NTSC; copy protected; original aspect ratio (2.35:1, letterboxed); Dolby digital; monaural. |
| 520 ## - RESUMEN, ETC. | |
| Sumario, etc. | A complex crime thriller in which a wealthy shoe manufacturer's chauffeur's son is mistaken for his own son and kidnapped for ransom. |
| 650 #0 - PUNTO DE ACCESO ADICIONAL DE MATERIA--TÉRMINO DE MATERIA | |
| Término de materia o nombre geográfico como elemento de entrada | Feature films |
| Subdivisión geográfica | Japan. |
| 650 #0 - PUNTO DE ACCESO ADICIONAL DE MATERIA--TÉRMINO DE MATERIA | |
| Término de materia o nombre geográfico como elemento de entrada | Detective and mystery films |
| Subdivisión geográfica | Japan. |
| 650 #0 - PUNTO DE ACCESO ADICIONAL DE MATERIA--TÉRMINO DE MATERIA | |
| Término de materia o nombre geográfico como elemento de entrada | Kidnapping |
| Subdivisión de forma | Drama. |
| 650 #4 - PUNTO DE ACCESO ADICIONAL DE MATERIA--TÉRMINO DE MATERIA | |
| Término de materia o nombre geográfico como elemento de entrada | Cine Japonés |
| 700 1# - ENTRADA AGREGADA--NOMBRE PERSONAL | |
| Nombre de persona | Kurosawa, Akira, |
| Fechas asociadas al nombre | 1910-1998. |
| 700 1# - ENTRADA AGREGADA--NOMBRE PERSONAL | |
| Nombre de persona | Tanaka, Tomoyuki, |
| Fechas asociadas al nombre | 1910- |
| 700 1# - ENTRADA AGREGADA--NOMBRE PERSONAL | |
| Nombre de persona | Kikushima, Ryūzō, |
| Fechas asociadas al nombre | 1914- |
| 700 1# - ENTRADA AGREGADA--NOMBRE PERSONAL | |
| Nombre de persona | Oguni, Hideo, |
| Fechas asociadas al nombre | 1904-1996. |
| 700 1# - ENTRADA AGREGADA--NOMBRE PERSONAL | |
| Nombre de persona | Mifune, Toshirō, |
| Fechas asociadas al nombre | 1920-1997. |
| 700 1# - ENTRADA AGREGADA--NOMBRE PERSONAL | |
| Nombre de persona | Nakadai, Tatsuya, |
| Fechas asociadas al nombre | 1932- |
| 700 1# - ENTRADA AGREGADA--NOMBRE PERSONAL | |
| Nombre de persona | McBain, Ed, |
| Fechas asociadas al nombre | 1926-2005 |
| Título de la obra | King's ransom. |
| 710 2# - ENTRADA AGREGADA--NOMBRE DE ENTIDAD CORPORATIVA | |
| Nombre de entidad corporativa o nombre de jurisdicción como elemento de entrada | Janus Films. |
| 710 2# - ENTRADA AGREGADA--NOMBRE DE ENTIDAD CORPORATIVA | |
| Enlace | 880-08 |
| Nombre de entidad corporativa o nombre de jurisdicción como elemento de entrada | Tōhō Kabushiki Kaisha. |
| 710 2# - ENTRADA AGREGADA--NOMBRE DE ENTIDAD CORPORATIVA | |
| Enlace | 880-09 |
| Nombre de entidad corporativa o nombre de jurisdicción como elemento de entrada | Kurosawa Purodakshon. |
| 710 2# - ENTRADA AGREGADA--NOMBRE DE ENTIDAD CORPORATIVA | |
| Nombre de entidad corporativa o nombre de jurisdicción como elemento de entrada | Criterion Collection (Firm) |
| 830 #0 - PUNTO DE ACCESO ADICIONAL DE SERIE-TÍTULO UNIFORME | |
| Título uniforme | Criterion collection (DVD videodiscs) ; |
| Designación de volumen o secuencia | 24. |
| 938 ## - | |
| -- | Baker and Taylor |
| -- | BTCP |
| -- | be2003019703 |
| 942 ## - ELEMENTOS DE ENTRADA SECUNDARIOS (KOHA) | |
| Fuente del sistema de clasificación o colocación | Clasificación de Library of Congress |
| Tipo de ítem Koha | |
| 994 ## - | |
| -- | C0 |
| -- | DRFGD |
| Estatus retirado | Estado de pérdida | Fuente del sistema de clasificación o colocación | Estado de daño | No para préstamo | Biblioteca de origen | Biblioteca actual | Ubicación en estantería | Fecha de adquisición | Signatura topográfica completa | Código de barras | Visto por última vez | Tipo de ítem Koha |
|---|---|---|---|---|---|---|---|---|---|---|---|---|
| Clasificación de Library of Congress | Biblioteca Juan Bosch | Biblioteca Juan Bosch | Colección Multimedia (Humanidades 4to. Piso) | 10/04/2023 | CM DVD 01219 | 00000066925 | 25/10/2018 |
